Papua New Guinea : Selected Issues and Statistical Appendix.

This paper analyzes the workings and effectiveness of the monetary transmission mechanism in Papua New Guinea. The paper is organized as follows: it describes the current institutional structure in Papua New Guinea; interest rate is discussed; the evidence from vector autoregression analysis on the...

Cijeli opis

Bibliografski detalji
Autor kompanije: International Monetary Fund
Format: Žurnal
Jezik:English
Izdano: Washington, D.C. : International Monetary Fund, 2008.
Serija:IMF Staff Country Reports; Country Report ; No. 2008/093
Online pristup:Full text available on IMF
LEADER 01689cas a2200241 a 4500
001 AALejournalIMF004949
008 230101c9999 xx r poo 0 0eng d
020 |c 5.00 USD 
020 |z 9781451831740 
022 |a 1934-7685 
040 |a BD-DhAAL  |c BD-DhAAL 
110 2 |a International Monetary Fund. 
245 1 0 |a Papua New Guinea :   |b Selected Issues and Statistical Appendix. 
264 1 |a Washington, D.C. :  |b International Monetary Fund,  |c 2008. 
300 |a 1 online resource (100 pages) 
490 1 |a IMF Staff Country Reports 
500 |a <strong>Off-Campus Access:</strong> No User ID or Password Required 
500 |a <strong>On-Campus Access:</strong> No User ID or Password Required 
506 |a Electronic access restricted to authorized BRAC University faculty, staff and students 
520 3 |a This paper analyzes the workings and effectiveness of the monetary transmission mechanism in Papua New Guinea. The paper is organized as follows: it describes the current institutional structure in Papua New Guinea; interest rate is discussed; the evidence from vector autoregression analysis on the relationship between monetary policy variables and output and prices is considered; finally, implications are included. The Bank of Papua New Guinea (BPNG) uses a reserve money framework to conduct monetary policy operations. A macroeconomic balance approach estimates the REER, which simultaneously achieves internal and external balance. 
538 |a Mode of access: Internet 
830 0 |a IMF Staff Country Reports; Country Report ;  |v No. 2008/093 
856 4 0 |z Full text available on IMF  |u http://elibrary.imf.org/view/journals/002/2008/093/002.2008.issue-093-en.xml  |z IMF e-Library